|
|
|
|
| LEADER |
01395cam a2200337 7i4500 |
| 001 |
0000080443 |
| 005 |
20240521090000.0 |
| 090 |
0 |
0 |
|a PJ6620
|b .M36 2013
|
| 100 |
1 |
|
|a Ibn Manzur, Muhammad ibn Mukarram
|
| 245 |
1 |
0 |
|a Lisan al-Arab
|c lil-Imam ibn Manzur.
|
| 264 |
|
|
|a al-Qahirah:
|b Dar al-Hadith,
|c 2013.
|
| 300 |
|
|
|a 9 volumes;
|c 25 cm.
|
| 336 |
|
|
|a text
|2 rdacontent
|
| 337 |
|
|
|a unmediated
|2 rdamedia
|
| 338 |
|
|
|a volume
|2 rdacarrier
|
| 500 |
|
|
|a Gift: Yayasan Heritage Kuwait
|
| 650 |
|
0 |
|a Arabic language
|
| 997 |
|
|
|a Centre for Foundation and General Studies
|
| 997 |
|
|
|a Education & Social Sciences, Faculty
|b Islamic Studies, Department
|
| 998 |
|
|
|a Islamic Studies, Foundation
|
| 998 |
|
|
|a Islamic Studies, Degree
|
| 998 |
|
|
|a Islamic Studies, Diploma
|
| 999 |
|
|
|a 0000071451
|b BOK
|c REFERENCE
|e Ground Floor, Bestari Jaya
|
| 999 |
|
|
|a 0000071452
|b BOK
|c REFERENCE
|e Ground Floor, Bestari Jaya
|
| 999 |
|
|
|a 0000071453
|b BOK
|c REFERENCE
|e Ground Floor, Bestari Jaya
|
| 999 |
|
|
|a 0000071454
|b BOK
|c REFERENCE
|e Ground Floor, Bestari Jaya
|
| 999 |
|
|
|a 0000071455
|b BOK
|c REFERENCE
|e Ground Floor, Bestari Jaya
|
| 999 |
|
|
|a 0000071456
|b BOK
|c REFERENCE
|e Ground Floor, Bestari Jaya
|
| 999 |
|
|
|a 0000071457
|b BOK
|c REFERENCE
|e Ground Floor, Bestari Jaya
|
| 999 |
|
|
|a 0000071458
|b BOK
|c REFERENCE
|e Ground Floor, Bestari Jaya
|
| 999 |
|
|
|a 0000071459
|b BOK
|c REFERENCE
|e Ground Floor, Bestari Jaya
|